| 000 | 003280000a22001450004500 | ||
|---|---|---|---|
| 003 | MACL | ||
| 040 | _aMACL | ||
| 090 |
_c2155 _d2155 |
||
| 100 | _aChuyen, Gilles | ||
| 245 |
_aWho Is A Brahmin? _bThe Politics Of Identity In India |
||
| 260 |
_bManohar _c2004 |
||
| 350 | _6725 | ||
| 650 | _aPolitical Science | ||
| 942 |
_cBOOK _k320 |
||
| 999 |
_c2140 _d2140 |
||